Бессмертие (Запись № 6962304)

Подробности
000 -МАРКЕР
контрольное поле 01058nam0a22003011 4500
001 - ИДЕНТИФИКАТОР ЗАПИСИ
контрольное поле rc\2745416
005 - ИДЕНТИФИКАТОР ВЕРСИИ
контрольное поле 20260406110014.0
035 ## - ДРУГИЕ СИСТЕМНЫЕ НОМЕРА
Идентификатор записи (NLR Aleph) 006872488
100 ## - ДАННЫЕ ОБЩЕЙ ОБРАБОТКИ
Данные общей обработки 20110915d1939 |||y0rusy50 ca
101 0# - ЯЗЫК РЕСУРСА
Язык текста, звукозаписи и т.д. русский
102 ## - СТРАНА ПУБЛИКАЦИИ ИЛИ ПРОИЗВОДСТВА
Страна публикации российская федерация
105 ## - ПОЛЕ КОДИРОВАННЫХ ДАННЫХ: ТЕКСТОВЫЕ МАТЕРИАЛЫ, МОНОГРАФИЧЕСКИЕ
Кодированные данные о монографическом текстовом документе y z |||a|
200 1# - ЗАГЛАВИЕ И СВЕДЕНИЯ ОБ ОТВЕТСТВЕННОСТИ
Основное заглавие Бессмертие
Сведения, относящиеся к заглавию Рассказы
Первые сведения об ответственности Матэ Залка
210 ## - ПУБЛИКАЦИЯ, РАСПРОСТРАНЕНИЕ И ДР.
Место издания, распространения и т.д. [Москва]
Имя издателя, распространителя и т. д. Воениздат
Дата издания, распространения и т.д. 1939
Место изготовления Новосибирск
215 ## - ФИЗИЧЕСКАЯ ХАРАКТЕРИСТИКА
Специфическое обозначение материала и объем 76 с.
Размеры 18 см.
225 1# - СЕРИЯ
Основное заглавие серии Библиотека красноармейца
327 1# - ПРИМЕЧАНИЯ О СОДЕРЖАНИИ
Текст примечания Содерж.: Генерал. Ходя. Бессмертие. Яблоки
464 #0 - АНАЛИТИЧЕСКИЙ УРОВЕНЬ
Встроенное поле 2000#$aБессмертие
Заглавие Бессмертие
464 #0 - АНАЛИТИЧЕСКИЙ УРОВЕНЬ
Встроенное поле 2000#$aЯблоки
Заглавие Яблоки
464 #0 - АНАЛИТИЧЕСКИЙ УРОВЕНЬ
Встроенное поле 2000#$aХодя
Заглавие Ходя
464 #0 - АНАЛИТИЧЕСКИЙ УРОВЕНЬ
Встроенное поле 2000#$aГенерал
Заглавие Генерал
700 #1 - ИМЯ ЛИЦА - ПЕРВИЧНАЯ ОТВЕТСТВЕННОСТЬ
Графика поля Кириллица
Материалы, к которым относится поле rus
Начальный элемент ввода Залка
Часть имени, кроме начального элемента ввода М.
Даты 1896-1937
Расширение инициалов личного имени Мате
Идентификатор авторитетной/нормативной записи RU\NLR\AUTH\77104732
Системный номер авторитетной/нормативной записи 87657
801 #0 - ИСТОЧНИК ЗАПИСИ
Страна российская федерация
Организация NLR
Правила каталогизации psbo
801 #1 - ИСТОЧНИК ЗАПИСИ
Страна российская федерация
Организация ELAR
Источник данных rusmarc
852 ## - МЕСТОНАХОЖДЕНИЕ И ШИФР ХРАНЕНИЯ
Идентификатор организации NLR
Шифр хранения (Call Number) 39-9/1636
942 ## - ДОПОЛНИТЕЛЬНЫЕ ЭЛЕМЕНТЫ ЗАПИСИ (АБИС)
Тип экземпляра АБИС Книга
980 ## - КОЛЛЕКЦИЯ
Название коллекции Национальная библиография
Экземпляры
Тип экземпляра Дата поступления Библиотека постоянного хранения Библиотека текущего хранения Место хранения Шифр хранения Штрих-код Статус не для выдачи
Книга 26.10.2013 РНБ (Садовая) РНБ (Садовая) Русский книжный фонд -Главное здание, Ленинский читальный зал 39-9/1636 6872488-10